[Event "Nevinnomyssk-ch"]
[Site "Nevinnomyssk"]
[Date "2011.12.23"]
[Round "8"]
[White "Savchenko, Yurij"]
[Black "Kozolup, Vadim"]
[Result "0-1"]
[WhiteElo "1978"]
[BlackElo "2096"]
[PlyCount "84"]
[EventDate "2011.12.18"]
[EventType "tourn"]
[EventRounds "13"]
[EventCountry "RUS"]
[SourceTitle "CBM 146 Extra"]
[Source "ChessBase"]
[SourceDate "2012.02.29"]
[SourceVersion "1"]
[SourceVersionDate "2012.02.29"]
[SourceQuality "1"]

1. e4 c5 2. Nc3 e6 3. f4 d5 4. e5 Nc6 5. Bb5 Bd7 6. Bxc6 Bxc6 7. Nf3 d4 8. Nb1 Ne7 9. d3 Nf5 10. 0-0 Be7 11. g4 Nh4 12. Nxh4 Bxh4 13. Nd2 Be7 14. Qe2 Qd5 15. Ne4 0-0-0 16. Bd2 f5 17. exf6 gxf6 18. f5 h5 19. Rae1 Rdg8 20. Ng3 e5 21. g5 h4 22. Ne4 Qxa2 23. g6 Qxb2 24. Bc1 Qa2 25. Rf2 Qd5 26. h3 a5 27. Kh2 a4 28. Ba3 Kc7 29. Bxc5 Bxc5 30. Nxf6 Qd6 31. Ne4 Bxe4 32. Qxe4 Qc6 33. Qg4 Qf6 34. Qe4 a3 35. Rg2 Qc6 36. Kh1 Qxe4 37. Rxe4 a2 38. Rg1 Ra8 39. Ra1 Kd6 40. f6 Rhg8 41. Rxa2 Rxa2 42. f7 Raa8 0-1

[Event "Nevinnomyssk-ch"]
[Site "Nevinnomyssk"]
[Date "2011.12.19"]
[Round "3"]
[White "Shkurat, Sergey"]
[Black "Savchenko, Yurij"]
[Result "1-0"]
[WhiteElo "2052"]
[BlackElo "1978"]
[PlyCount "65"]
[EventDate "2011.12.18"]
[EventType "tourn"]
[EventRounds "13"]
[EventCountry "RUS"]
[SourceTitle "CBM 146 Extra"]
[Source "ChessBase"]
[SourceDate "2012.02.29"]
[SourceVersion "1"]
[SourceVersionDate "2012.02.29"]
[SourceQuality "1"]

1. d4 d5 2. c4 e6 3. Nc3 c6 4. Nf3 dxc4 5. a4 Bd7 6. a5 Bb4 7. e4 Bxa5 8. Bxc4 b5 9. Bb3 Ne7 10. Bg5 Bxc3+ 11. bxc3 a5 12. 0-0 Na6 13. d5 a4 14. d6 f6 15. dxe7 Qxe7 16. Bh4 axb3 17. Ne5 b2 18. Rb1 Nc5 19. Qh5+ Kd8 20. Nf7+ Kc7 21. Nxh8 Rxh8 22. e5 Na4 23. Qf3 Rf8 24. Rfd1 Qa3 25. Qd3 Rf7 26. exf6 gxf6 27. Bxf6 Kb7 28. Be5 Nb6 29. Bd6 Qb3 30. Qg3 Nc4 31. Bc5 e5 32. Qg8 Be6 33. Rd8 1-0

[Event "Nevinnomyssk 4th"]
[Site "Nevinnomyssk"]
[Date "2010.02.06"]
[Round "8"]
[White "Savchenko, Yurij"]
[Black "Tekeyev, Zaur"]
[Result "0-1"]
[WhiteElo "2040"]
[BlackElo "2081"]
[PlyCount "66"]
[EventDate "2010.01.30"]
[EventType "tourn"]
[EventRounds "9"]
[EventCountry "RUS"]
[SourceTitle "EXT 2022"]
[Source "ChessBase"]
[SourceDate "2021.10.06"]
[SourceVersion "1"]
[SourceVersionDate "2021.10.06"]
[SourceQuality "1"]

1. d4 d5 2. Nf3 Bf5 3. Bf4 e6 4. Nc3 c6 5. e3 h6 6. Bd3 Bxd3 7. Qxd3 Nf6 8. e4 dxe4 9. Nxe4 Be7 10. 0-0 0-0 11. c4 Nxe4 12. Qxe4 Nd7 13. Kh1 Nf6 14. Qc2 Bd6 15. Ne5 Nh5 16. Be3 f5 17. Qe2 Nf6 18. Rad1 Qc7 19. Bc1 c5 20. Nf3 Rfe8 21. dxc5 Bxc5 22. Nd4 Bxd4 23. Rxd4 e5 24. Rd2 Rad8 25. b3 e4 26. Bb2 Ng4 27. g3 e3 28. Rxd8 Qxd8 29. f3 Qd2 30. Re1 Nf2+ 31. Kg2 Nd3 32. Qxd2 exd2 33. Rd1 Re2+ 0-1

[Event "Nevinnomyssk 4th"]
[Site "Nevinnomyssk"]
[Date "2010.02.05"]
[Round "7"]
[White "Kuznetsov, Alexander2222"]
[Black "Savchenko, Yurij"]
[Result "1-0"]
[WhiteElo "2091"]
[BlackElo "2040"]
[PlyCount "65"]
[EventDate "2010.01.30"]
[EventType "tourn"]
[EventRounds "9"]
[EventCountry "RUS"]
[SourceTitle "EXT 2022"]
[Source "ChessBase"]
[SourceDate "2021.10.06"]
[SourceVersion "1"]
[SourceVersionDate "2021.10.06"]
[SourceQuality "1"]

1. e4 e5 2. f4 exf4 3. Nf3 d5 4. exd5 Bd6 5. d4 Nf6 6. c4 0-0 7. Be2 c5 8. dxc6 Nxc6 9. 0-0 Bg4 10. Nc3 Qd7 11. c5 Be7 12. Bxf4 Bxf3 13. Bxf3 Nxd4 14. Bxb7 Ne2+ 15. Qxe2 Bxc5+ 16. Kh1 Qxb7 17. Bg5 Bd4 18. Rad1 Bxc3 19. bxc3 Ne4 20. Qf3 Rae8 21. Be3 f5 22. Bd4 Rf7 23. Qd3 Qc6 24. Rb1 g6 25. Qb5 Qxb5 26. Rxb5 Rc8 27. Rfb1 Nxc3 28. Rb8 Rff8 29. Rxc8 Rxc8 30. Rc1 Rc4 31. Bxc3 Kf7 32. Bb2 Ra4 33. a3 1-0

[Event "Nevinnomyssk 4th"]
[Site "Nevinnomyssk"]
[Date "2010.01.31"]
[Round "2"]
[White "Savchenko, Yurij"]
[Black "Tekeyev, Yusuf"]
[Result "0-1"]
[WhiteElo "2040"]
[BlackElo "2097"]
[PlyCount "64"]
[EventDate "2010.01.30"]
[EventType "tourn"]
[EventRounds "9"]
[EventCountry "RUS"]
[SourceTitle "EXT 2022"]
[Source "ChessBase"]
[SourceDate "2021.10.06"]
[SourceVersion "1"]
[SourceVersionDate "2021.10.06"]
[SourceQuality "1"]

1. d4 d5 2. Nf3 c6 3. e3 Bf5 4. Bd3 Bg6 5. Ne5 Nd7 6. Bxg6 hxg6 7. Nd2 Nxe5 8. dxe5 e6 9. e4 Qc7 10. f4 Bc5 11. Nb3 Bb6 12. Qe2 Qe7 13. Be3 Bxe3 14. Qxe3 Qb4+ 15. Nd2 Qxb2 16. Rb1 Qxc2 17. 0-0 b6 18. exd5 cxd5 19. Rbc1 Qa4 20. Rc7 Nh6 21. Rfc1 0-0 22. Nb3 Nf5 23. Qf2 Qa6 24. g4 Nh6 25. h3 Rac8 26. Qc2 Rxc7 27. Qxc7 Qxa2 28. Rc3 Qb1+ 29. Kh2 Qe4 30. Kg3 a5 31. Nc1 a4 32. Rf3 Qc4 0-1

[Event "Nevinnomyssk 2B"]
[Site "Nevinnomyssk"]
[Date "2009.02.28"]
[Round "10"]
[White "Savchenko, Yurij"]
[Black "Vasiliev, Sangadzhi Gorja"]
[Result "1/2-1/2"]
[WhiteElo "2068"]
[BlackElo "2156"]
[PlyCount "76"]
[EventDate "2009.02.21"]
[EventType "tourn"]
[EventRounds "10"]
[EventCountry "RUS"]
[SourceTitle "EXT 2022"]
[Source "ChessBase"]
[SourceDate "2021.10.06"]
[SourceVersion "1"]
[SourceVersionDate "2021.10.06"]
[SourceQuality "1"]

1. d4 d5 2. c4 e6 3. Nc3 Nf6 4. Bg5 Be7 5. e3 0-0 6. Nf3 h6 7. Bh4 Nbd7 8. cxd5 exd5 9. Bd3 c6 10. 0-0 Re8 11. Qc2 a5 12. Bg3 Nh5 13. Nxd5 Nxg3 14. Nxe7+ Qxe7 15. hxg3 Nf6 16. Rac1 Be6 17. Qc5 Bxa2 18. Qxe7 Rxe7 19. Rc3 Bd5 20. Ra1 Bxf3 21. gxf3 Nd5 22. Rc5 Nb4 23. Bf1 b6 24. Rc4 Rd8 25. f4 Kf8 26. Bg2 Rc7 27. Rac1 Rd6 28. Kf1 b5 29. R4c3 Ke7 30. Ra3 Ra7 31. Rc5 Kd7 32. Rac3 Rc7 33. Ke2 a4 34. Bh3+ Kd8 35. Bg2 Kd7 36. Bh3+ Kd8 37. Rc1 Na6 38. R5c3 Nb4 1/2-1/2